[Event "Europa ch 2012 femenino"]
[Site "Gaziantep TUR"]
[Date "2012.03.03"]
[Round "2.49"]
[White "Alev, Gonulden Seda"]
[Black "Makropoulou, Marina"]
[Result "0-1"]
[PlyCount "244"]
[EventDate "2012.03.02"]
[EventType "swiss"]
[EventRounds "11"]
[EventCountry "TUR"]
[Source "lmi"]
[SourceDate "2012.03.02"]
[WhiteElo "1612"]
[BlackElo "2224"]

1. e4 e5 2. Nf3 Nf6 3. Nc3 Nc6 4. d4 exd4 5. Nxd4 Bb4 6. Nxc6 bxc6 7. Bd3 d6 8.
O-O Ng4 9. h3 Ne5 10. Be3 O-O 11. f4 Nxd3 12. cxd3 d5 13. Ne2 dxe4 14. dxe4 Ba6
15. Rf2 Qd3 16. Qxd3 Bxd3 17. Ng3 Rfe8 18. a3 Ba5 19. b4 Bb6 20. Bxb6 cxb6 21.
Rc1 Rac8 22. e5 c5 23. bxc5 bxc5 24. Rc3 c4 25. Ne2 f6 26. Nc1 Be4 27. exf6
gxf6 28. Rd2 Bg6 29. Rd4 Bf7 30. Rd6 Re6 31. Rxe6 Bxe6 32. Kf2 Rb8 33. g4 Kf8
34. f5 Bf7 35. Kg3 Rb2 36. Kf3 Ke7 37. Ke3 Kd6 38. Kd4 Rd2+ 39. Ke3 Rd1 40. Ke2
Rh1 41. Kf2 Bd5 42. Kg3 Rg1+ 43. Kh4 Re1 44. Kg3 Ke5 45. Kf2 Rh1 46. Ne2 Rh2+
47. Kf1 Kd6 48. Nf4 Bf7 49. Ng2 Rh1+ 50. Kf2 Kc5 51. Nf4 Rb1 52. Ne2 Bd5 53.
Ke3 Re1 54. Kf2 Rh1 55. Kg3 Re1 56. Kf2 Rb1 57. Ke3 Re1 58. Kf2 Rb1 59. Ke3 Rb7
60. Kf2 Re7 61. Kf1 Be4 62. Nf4 Kd4 63. Ne2+ Kc5 64. Nf4 Bd5 65. Ne2 Bc6 66.
Kf2 Bb7 67. Kf1 Be4 68. Nf4 Bd5 69. Ne2 a5 70. Kf2 Re8 71. Ke1 Bc6 72. Kd2 Rd8+
73. Ke1 Rb8 74. Kd2 Rd8+ 75. Ke1 Re8 76. Kd2 Rd8+ 77. Ke1 Rd7 78. Kf2 Rb7 79.
Ke3 Re7+ 80. Kf2 Bd5 81. h4 h6 82. Kf1 Re8 83. Ke1 Re7 84. Kf2 Re8 85. Ke1 Re7
86. Kf2 Re8 87. Ke1 Rg8 88. Rg3 Be4 89. Kd2 Bd3 90. Kd1 Bxe2+ 91. Kxe2 Kd4 92.
Kd2 a4 93. Kc2 Rg7 94. Kd2 Rb7 95. g5 hxg5 96. hxg5 fxg5 97. Rxg5 Rb2+ 98. Kc1
Rf2 99. Rg4+ Kd5 100. Rg3 Rxf5 101. Kc2 Kd4 102. Rg4+ Kc5 103. Rg3 Kd4 104.
Rg4+ Kc5 105. Rg3 Kd4 106. Rg4+ Kc5 107. Rg3 Re5 108. Kc3 Rd5 109. Kc2 Rf5 110.
Kc3 Re5 111. Kc2 Kd4 112. Kd2 Re4 113. Rf3 Rh4 114. Kc2 Rh2+ 115. Kc1 Re2 116.
Kd1 Re3 117. Rxe3 Kxe3 118. Kc2 Kd4 119. Kd2 c3+ 120. Kc2 Kc4 121. Kc1 Kb3 122.
Kb1 Kxa3 0-1

[Event "Europa ch 2012 femenino"]
[Site "Gaziantep TUR"]
[Date "2012.03.03"]
[Round "2.50"]
[White "Umudova, Nargiz"]
[Black "Dai, Irmak"]
[Result "1-0"]
[PlyCount "87"]
[EventDate "2012.03.02"]
[EventType "swiss"]
[EventRounds "11"]
[EventCountry "TUR"]
[Source "lmi"]
[SourceDate "2012.03.02"]
[WhiteElo "2220"]
[BlackElo "1592"]

1. e4 c5 2. Nf3 d6 3. d3 Nc6 4. g3 g6 5. Bg2 Bg7 6. O-O Nf6 7. Nc3 O-O 8. h3
Bd7 9. Be3 Rc8 10. Qd2 a6 11. Bh6 b5 12. Bxg7 Kxg7 13. Nh2 e6 14. f4 Nd4 15. g4
Bc6 16. Rf2 d5 17. e5 Nd7 18. Nd1 b4 19. c3 bxc3 20. bxc3 Nb5 21. g5 Rh8 22.
Ng4 d4 23. c4 Na7 24. Qe1 Rg8 25. Rd2 Bxg2 26. Kxg2 Qa5 27. Ndf2 Qc7 28. Ne4
Qc6 29. Kg1 Kh8 30. Nh6 Rg7 31. Rb2 Rf8 32. Rab1 Nc8 33. Qa5 Ne7 34. Rb7 Qc8
35. Qa4 Nc6 36. Nd6 Qd8 37. Qxc6 Nb8 38. Ndxf7+ Rgxf7 39. Nxf7+ Kg8 40. Rxb8
Qxb8 41. Rxb8 Rxb8 42. Qxe6 Kg7 43. Qf6+ Kg8 44. Nh6# 1-0

[Event "Europa ch 2012 femenino"]
[Site "Gaziantep TUR"]
[Date "2012.03.04"]
[Round "3.2"]
[White "Kosintseva, Tatiana"]
[Black "Foisor, Cristina-Adela"]
[Result "0-1"]
[PlyCount "156"]
[EventDate "2012.03.02"]
[EventType "swiss"]
[EventRounds "11"]
[EventCountry "TUR"]
[Source "lmi"]
[SourceDate "2012.03.02"]
[WhiteElo "2513"]
[BlackElo "2398"]

1. e4 e5 2. Nf3 Nc6 3. Bb5 a6 4. Ba4 Nf6 5. O-O Be7 6. Re1 b5 7. Bb3 d6 8. c3
O-O 9. h3 Na5 10. Bc2 c5 11. d4 Qc7 12. d5 Ne8 13. Nbd2 g6 14. b4 Nb7 15. a4
Rb8 16. axb5 axb5 17. Nf1 Ng7 18. Bd3 Bd7 19. Qe2 c4 20. Bc2 Ra8 21. Be3 Rfc8
22. N3h2 Nd8 23. f4 f6 24. Qf2 exf4 25. Qxf4 Nf7 26. Bd4 Ne5 27. Ne3 Qd8 28.
Neg4 h5 29. Nf2 Rxa1 30. Rxa1 Ra8 31. Qc1 Qb8 32. Nf1 Bd8 33. Ng3 Qb7 34. Ne2
Ra6 35. Be3 Qa8 36. Rxa6 Qxa6 37. Qb2 Kf7 38. Nd4 Bb6 39. Bd1 Kg8 40. Kh2 Bd8
41. Be2 Qa8 42. Qd2 Be7 43. Nf3 Bd8 44. Nd1 Be8 45. Bd4 Qa1 46. Be3 Qa8 47. Bf2
Kh7 48. Bh4 Nf7 49. Ne3 Ne5 50. Nc2 Qa2 51. Qc1 g5 52. Be1 Bg6 53. Nxe5 fxe5
54. Bf3 g4 55. hxg4 hxg4 56. Bxg4 Bxe4 57. Bd1 Nf5 58. Qd2 Nh6 59. Bf2 Bf6 60.
Qe2 Bg6 61. Ne3 Qxe2 62. Bxe2 Bg5 63. g4 Be4 64. Kh3 Nf7 65. Bf1 Bf4 66. Bg2
Ng5+ 67. Kh4 Bxg2 68. Nxg2 Ne4 69. Be1 Kg6 70. g5 Bxg5+ 71. Kg4 Nf6+ 72. Kf3
Nxd5 73. Ke4 Nf6+ 74. Kf3 Kf5 75. Ke2 Ne4 76. Kf3 d5 77. Ne3+ Bxe3 78. Kxe3 Kg4
0-1

[Event "Europa ch 2012 femenino"]
[Site "Gaziantep TUR"]
[Date "2012.03.04"]
[Round "3.4"]
[White "Gunina, Valentina"]
[Black "Guramishvili, Sopiko"]
[Result "1/2-1/2"]
[PlyCount "98"]
[EventDate "2012.03.02"]
[EventType "swiss"]
[EventRounds "11"]
[EventCountry "TUR"]
[Source "lmi"]
[SourceDate "2012.03.02"]
[WhiteElo "2511"]
[BlackElo "2395"]

1. d4 d5 2. c4 c6 3. Nf3 Nf6 4. Nc3 dxc4 5. a4 Bf5 6. Ne5 Nbd7 7. Nxc4 Qc7 8.
g3 e5 9. dxe5 Nxe5 10. Bf4 Nfd7 11. Bg2 g5 12. Bxe5 Nxe5 13. Qd4 f6 14. O-O Be7
15. Ne3 Be6 16. Be4 Qd8 17. Qd1 Qxd1 18. Rfxd1 O-O 19. Bf5 Bb3 20. Bc2 Bxc2 21.
Nxc2 Rfd8 22. Ne3 Rxd1+ 23. Rxd1 Rd8 24. Rxd8+ Bxd8 25. Nf5 Nc4 26. b3 Nd2 27.
b4 Bc7 28. e3 Be5 29. Ne2 Nf3+ 30. Kg2 Ne1+ 31. Kf1 Nc2 32. f4 Bb2 33. a5 Nxb4
34. Nd6 Nc2 35. e4 Kf8 36. Nxb7 Ke7 37. Kf2 Ba3 38. Kf3 Bb4 39. fxg5 fxg5 40.
e5 a6 41. Ke4 Kd7 42. Nd4 Nxd4 43. Kxd4 g4 44. Kc4 Be1 45. Nc5+ Ke7 46. Nxa6
Bxa5 47. Kd3 Bb6 48. Nb4 Kd7 49. Ke4 Bg1 1/2-1/2

[Event "Europa ch 2012 femenino"]
[Site "Gaziantep TUR"]
[Date "2012.03.04"]
[Round "3.5"]
[White "Vojinovic, Jovana"]
[Black "Cmilyte, Viktorija"]
[Result "0-1"]
[PlyCount "86"]
[EventDate "2012.03.02"]
[EventType "swiss"]
[EventRounds "11"]
[EventCountry "TUR"]
[Source "lmi"]
[SourceDate "2012.03.02"]
[WhiteElo "2356"]
[BlackElo "2497"]

1. Nf3 c5 2. c4 Nc6 3. Nc3 g6 4. e3 Nf6 5. d4 cxd4 6. exd4 d5 7. cxd5 Nxd5 8.
Bc4 Nb6 9. Bb5 Bg7 10. O-O O-O 11. Bxc6 bxc6 12. Bf4 Bg4 13. Re1 Re8 14. Be5
Bh6 15. h3 Bf5 16. Qe2 Nd5 17. Qc4 Rc8 18. Bg3 Nf4 19. Ne5 Be6 20. Qa4 Nh5 21.
Bh2 Qb6 22. Nd3 Bf5 23. Ne4 Rcd8 24. Ndc5 Qxb2 25. Nb3 Bxe4 26. Rxe4 Nf6 27.
Ree1 Qc2 28. Qxa7 Ra8 29. Qb7 Rxa2 30. Rxa2 Qxa2 31. Be5 Ne4 32. Rf1 Qc2 33.
Na5 Nd2 34. Qd7 Kf8 35. Ra1 Qc3 36. Ra2 Qc1+ 37. Kh2 f6 38. Bc7 Nf1+ 39. Kg1
Qb1 40. Ra3 Ng3+ 41. Kh2 Ne2 42. h4 Qg1+ 43. Kh3 Qh1+ 0-1

[Event "Europa ch 2012 femenino"]
[Site "Gaziantep TUR"]
[Date "2012.03.04"]
[Round "3.6"]
[White "Khurtsidze, Nino"]
[Black "Mammadova, Gulnar"]
[Result "1/2-1/2"]
[PlyCount "94"]
[EventDate "2012.03.02"]
[EventType "swiss"]
[EventRounds "11"]
[EventCountry "TUR"]
[Source "lmi"]
[SourceDate "2012.03.02"]
[WhiteElo "2447"]
[BlackElo "2324"]

1. d4 d5 2. c4 c6 3. Nf3 Nf6 4. e3 e6 5. Bd3 Nbd7 6. O-O dxc4 7. Bxc4 Bd6 8. a4
O-O 9. Nc3 e5 10. a5 Qe7 11. Qc2 e4 12. Ng5 Bxh2+ 13. Kxh2 Ng4+ 14. Kg1 Qxg5
15. Qxe4 Ndf6 16. Qf4 Qh4 17. Qg3 Qxg3 18. fxg3 Be6 19. Be2 Nh5 20. Rf3 Rad8
21. Ra4 f5 22. Rb4 Rf7 23. e4 g6 24. d5 Bc8 25. exf5 gxf5 26. dxc6 bxc6 27. Bc4
Ne5 28. Bxf7+ Kxf7 29. Re3 Nd3 30. Rh4 Nf6 31. Bd2 Nxb2 32. Be1 h5 33. Rb4 Nd1
34. Nxd1 Rxd1 35. Rb8 Ng4 36. Rxc8 Nxe3 37. Kf2 Ng4+ 38. Ke2 Rd7 39. Rxc6 Re7+
40. Kf1 Nh2+ 41. Kg1 Ng4 42. Rc1 a6 43. Kf1 Nh2+ 44. Kf2 Ng4+ 45. Kf3 Re4 46.
Rc7+ Ke6 47. Bd2 Kd5 1/2-1/2

[Event "Europa ch 2012 femenino"]
[Site "Gaziantep TUR"]
[Date "2012.03.04"]
[Round "3.9"]
[White "Danielian, Elina"]
[Black "Molchanova, Tatjana"]
[Result "0-1"]
[PlyCount "104"]
[EventDate "2012.03.02"]
[EventType "swiss"]
[EventRounds "11"]
[EventCountry "TUR"]
[Source "lmi"]
[SourceDate "2012.03.02"]
[WhiteElo "2478"]
[BlackElo "2346"]

1. d4 d5 2. c4 e6 3. Nf3 Nf6 4. g3 dxc4 5. Bg2 Nbd7 6. Qa4 a6 7. Qxc4 b5 8. Qc2
Bb7 9. O-O c5 10. a4 b4 11. Nbd2 Rc8 12. dxc5 Nxc5 13. Rd1 Bd5 14. Nc4 b3 15.
Qd2 Nce4 16. Qd3 Bxc4 17. Qxd8+ Rxd8 18. Rxd8+ Kxd8 19. Ne5 Nd6 20. Bd2 Bd5 21.
Ba5+ Ke8 22. Rc1 Nd7 23. Nxd7 Kxd7 24. Rc7+ Ke8 25. Bxd5 exd5 26. Ra7 f6 27.
Rxa6 Kf7 28. Bb4 Nc4 29. Ra7+ Kg6 30. Bc3 Bd6 31. a5 Be5 32. Bxe5 fxe5 33. a6
Kf6 34. Rb7 Ra8 35. a7 Nd6 36. Rd7 Ke6 37. Rxg7 Nf7 38. Rg4 d4 39. e3 d3 40.
Kf1 Rxa7 41. Ke1 Ra2 42. Kd2 Rxb2+ 43. Kxd3 Rxf2 44. h3 Nd6 45. Rb4 b2 46. g4
Kd5 47. h4 Ne4 48. Rb5+ Nc5+ 49. Kc3 Kc6 50. Rb4 Rf1 51. Kc2 Rc1+ 52. Kxb2 Nd3+
0-1

[Event "Europa ch 2012 femenino"]
[Site "Gaziantep TUR"]
[Date "2012.03.04"]
[Round "3.10"]
[White "Galojan, Lilit"]
[Black "Skripchenko, Almira"]
[Result "0-1"]
[PlyCount "86"]
[EventDate "2012.03.02"]
[EventType "swiss"]
[EventRounds "11"]
[EventCountry "TUR"]
[Source "lmi"]
[SourceDate "2012.03.02"]
[WhiteElo "2364"]
[BlackElo "2468"]

1. d4 d6 2. Nf3 g6 3. c4 Bg7 4. Nc3 Nf6 5. e4 O-O 6. h3 Na6 7. Be2 e5 8. d5 Nc5
9. Nd2 a5 10. g4 Ne8 11. Nf3 f5 12. gxf5 gxf5 13. Bg5 Nf6 14. exf5 Bxf5 15. Qd2
Qd7 16. Qe3 Nfe4 17. Rg1 Nxg5 18. Nxg5 Kh8 19. O-O-O e4 20. Ncxe4 Qa4 21. a3 b5
22. Rg4 bxc4 23. Rd2 Nb3+ 24. Kd1 Nxd2+ 25. Kxd2 Rab8 26. Bd1 Rxb2+ 27. Ke1 Rb1
28. Nc3 Rxd1+ 29. Nxd1 Bxg4 30. hxg4 c3 31. Qd3 Qe8+ 32. Ne3 Qg6 33. Ne4 Rf4
34. Nf5 Rxf5 35. gxf5 Qxf5 36. Kd1 h5 37. f3 h4 38. Ke2 h3 39. Kf2 Qg6 40. Qa6
Qg2+ 41. Ke3 Bh6+ 42. Kd4 c2 43. Qc8+ Qg8 0-1

[Event "Europa ch 2012 femenino"]
[Site "Gaziantep TUR"]
[Date "2012.03.04"]
[Round "3.11"]
[White "Ziaziulkina, Nastassia"]
[Black "Mkrtchian, Lilit"]
[Result "1-0"]
[PlyCount "97"]
[EventDate "2012.03.02"]
[EventType "swiss"]
[EventRounds "11"]
[EventCountry "TUR"]
[Source "lmi"]
[SourceDate "2012.03.02"]
[WhiteElo "2343"]
[BlackElo "2458"]

1. e4 c6 2. Nc3 d5 3. Nf3 Bg4 4. h3 Bxf3 5. Qxf3 e6 6. Be2 dxe4 7. Nxe4 Nd7 8.
O-O Ngf6 9. d4 Nxe4 10. Qxe4 Nf6 11. Qd3 Be7 12. c4 O-O 13. Be3 Qc7 14. Rfd1
Rfd8 15. Qc2 Rd7 16. a3 Rad8 17. Bf3 h6 18. Rd2 Bd6 19. Rad1 Bh2+ 20. Kh1 Bf4
21. Qc3 h5 22. g3 Bxe3 23. Qxe3 g6 24. Kg2 Qa5 25. g4 h4 26. Qh6 Nh7 27. Qxh4
Ng5 28. Qg3 e5 29. d5 e4 30. Be2 cxd5 31. b4 Qa6 32. cxd5 Qf6 33. Qe3 Qe5 34.
h4 Nh7 35. Qg3 Qf6 36. g5 Qb6 37. d6 Re8 38. Bg4 Rdd8 39. d7 Re7 40. Qd6 Qxd6
41. Rxd6 Kf8 42. f4 exf3+ 43. Bxf3 b6 44. Bg4 Re5 45. Kf3 Ke7 46. Kf4 Rb5 47.
Rc6 f6 48. Re1+ Kf7 49. Rc8 1-0

[Event "Europa ch 2012 femenino"]
[Site "Gaziantep TUR"]
[Date "2012.03.04"]
[Round "3.13"]
[White "Kovanova, Baira"]
[Black "Hairapetian, Anna"]
[Result "1-0"]
[PlyCount "133"]
[EventDate "2012.03.02"]
[EventType "swiss"]
[EventRounds "11"]
[EventCountry "TUR"]
[Source "lmi"]
[SourceDate "2012.03.02"]
[WhiteElo "2392"]
[BlackElo "2227"]

1. e4 c5 2. Nf3 d6 3. Bc4 Nf6 4. Qe2 Nc6 5. c3 e6 6. O-O Be7 7. Bb3 O-O 8. d4
cxd4 9. cxd4 d5 10. e5 Ne4 11. Bc2 f5 12. exf6 Bxf6 13. Nc3 Nxc3 14. bxc3 g6
15. Bh6 Bg7 16. Bxg7 Kxg7 17. h4 Qf6 18. Rae1 Bd7 19. Ng5 Rfe8 20. f4 Rac8 21.
h5 Ne7 22. Rf3 Nf5 23. Rh3 h6 24. hxg6 Rxc3 25. Rxc3 Qxd4+ 26. Qf2 Qxc3 27. Nf3
b6 28. Ne5 Bb5 29. Bxf5 exf5 30. Rd1 Bc4 31. Qh4 d4 32. Qf2 d3 33. Qe3 Qc2 34.
Rd2 Qc3 35. Rd1 Qc2 36. Rd2 Qc1+ 37. Kh2 Qa1 38. Qg3 b5 39. Qe3 Rxe5 40. fxe5
Kxg6 41. e6 Qh8 42. e7 Kf7 43. Rd1 Ke8 44. Re1 Qf6 45. Kh3 Qg7 46. Kh2 Bd5 47.
Qf2 Be4 48. Rc1 Qe5+ 49. Kg1 Kxe7 50. Qxa7+ Kf6 51. Rc8 Qd6 52. Rh8 Ke5 53.
Re8+ Kd5 54. Qa5 Qc5+ 55. Kh2 Kc4 56. Rd8 Bd5 57. Rd7 Bxg2 58. Qd2 Bd5 59. Qc1+
Kd4 60. Qf4+ Kc3 61. Qc1+ Kd4 62. Qf4+ Kc3 63. Rc7 Bc6 64. Rxc6 Qxc6 65. Qc1+
Kd4 66. Qxc6 d2 67. Qf3 1-0

[Event "Europa ch 2012 femenino"]
[Site "Gaziantep TUR"]
[Date "2012.03.04"]
[Round "3.15"]
[White "Kursova, Maria"]
[Black "Hoang Thanh Trang"]
[Result "0-1"]
[PlyCount "88"]
[EventDate "2012.03.02"]
[EventType "swiss"]
[EventRounds "11"]
[EventCountry "TUR"]
[Source "lmi"]
[SourceDate "2012.03.02"]
[WhiteElo "2328"]
[BlackElo "2438"]

1. d4 f5 2. g3 Nf6 3. Bg2 g6 4. c4 Bg7 5. Nc3 O-O 6. Nh3 Nc6 7. Nf4 d6 8. d5
Ne5 9. b3 c5 10. Qc2 a6 11. a4 b6 12. O-O Rb8 13. Bd2 Ne8 14. Nd3 Nc7 15. Nxe5
Bxe5 16. Qd3 Bd7 17. e4 b5 18. axb5 axb5 19. Ra2 Ra8 20. Rxa8 Qxa8 21. exf5
Bxf5 22. Be4 bxc4 23. bxc4 Qa3 24. Bxf5 Rxf5 25. Qc2 Rf3 26. Ne2 Na6 27. Be3
Rf8 28. Nf4 Nb4 29. Qe4 Qc3 30. h4 Qc2 31. Qxc2 Nxc2 32. Rb1 Na3 33. Rb7 Nxc4
34. Rxe7 Nxe3 35. fxe3 Rc8 36. Kf2 c4 37. Ke2 c3 38. Nd3 Bxg3 39. Re4 h5 40.
Kd1 c2+ 41. Kc1 Kf7 42. Rd4 Kf6 43. Nb4 Be5 44. Rd3 Bb2+ 0-1

[Event "Europa ch 2012 femenino"]
[Site "Gaziantep TUR"]
[Date "2012.03.04"]
[Round "3.16"]
[White "Gvetadze, Sofio"]
[Black "Javakhishvili, Lela"]
[Result "1/2-1/2"]
[PlyCount "42"]
[EventDate "2012.03.02"]
[EventType "swiss"]
[EventRounds "11"]
[EventCountry "TUR"]
[Source "lmi"]
[SourceDate "2012.03.02"]
[WhiteElo "2334"]
[BlackElo "2448"]

1. e4 c5 2. Nf3 e6 3. d4 cxd4 4. Nxd4 Nc6 5. Nb5 d6 6. c4 Nf6 7. N1c3 a6 8. Na3
Be7 9. Be2 b6 10. O-O Bb7 11. Be3 Ne5 12. f3 O-O 13. Rc1 Re8 14. Qb3 Ned7 15.
Rfd1 Qc7 16. Na4 Bd8 17. Bf4 Be7 18. Be3 Bd8 19. Bf4 Be7 20. Be3 Bd8 21. Bf4
Be7 1/2-1/2

[Event "Europa ch 2012 femenino"]
[Site "Gaziantep TUR"]
[Date "2012.03.04"]
[Round "3.20"]
[White "Mamedjarova, Zeinab"]
[Black "Gaponenko, Inna"]
[Result "1-0"]
[PlyCount "81"]
[EventDate "2012.03.02"]
[EventType "swiss"]
[EventRounds "11"]
[EventCountry "TUR"]
[Source "lmi"]
[SourceDate "2012.03.02"]
[WhiteElo "2321"]
[BlackElo "2416"]

1. d4 Nf6 2. c4 e6 3. Nf3 c5 4. g3 cxd4 5. Nxd4 Qc7 6. Qd3 e5 7. Nb5 Qc6 8. e4
Na6 9. Bg2 Nc5 10. Qe2 Ne6 11. O-O Bc5 12. N1c3 a6 13. Na3 Nd4 14. Qd3 Bxa3 15.
bxa3 b5 16. Be3 bxc4 17. Qd1 Nb5 18. Nd5 d6 19. a4 Nc7 20. Nb6 Rb8 21. Nxc4
Qxc4 22. Qxd6 Qe6 23. Qxc7 Rb7 24. Qc5 Re7 25. Rfd1 Bb7 26. Rd6 Qc8 27. Rad1
Nd7 28. Qxc8+ Bxc8 29. Bh3 f6 30. a5 g6 31. Bc1 f5 32. exf5 O-O 33. f6 Nxf6 34.
Bxc8 Ne4 35. Rd8 Nc3 36. Bh6 Rfe8 37. R1d7 Ne2+ 38. Kf1 Nd4 39. Bxa6 Nf5 40.
Bc4+ Kh8 41. Bg5 1-0

[Event "Europa ch 2012 femenino"]
[Site "Gaziantep TUR"]
[Date "2012.03.04"]
[Round "3.21"]
[White "Bronnikova, Elizaveta"]
[Black "Bodnaruk, Anastasia"]
[Result "0-1"]
[PlyCount "116"]
[EventDate "2012.03.02"]
[EventType "swiss"]
[EventRounds "11"]
[EventCountry "TUR"]
[Source "lmi"]
[SourceDate "2012.03.02"]
[WhiteElo "2252"]
[BlackElo "2412"]

1. e4 c5 2. Nf3 d6 3. d4 cxd4 4. Nxd4 Nf6 5. Nc3 a6 6. Be2 Nbd7 7. O-O g6 8. a4
Bg7 9. Re1 O-O 10. Bf1 Qc7 11. Bg5 e6 12. Qd2 Ne5 13. Rad1 Ne8 14. Nb3 f6 15.
Bh6 Nc4 16. Bxc4 Qxc4 17. Bxg7 Kxg7 18. a5 Bd7 19. Qe3 Qc7 20. f4 Rf7 21. Rd3
Rb8 22. Qa7 Bc6 23. Nd4 Re7 24. Rf1 e5 25. Nxc6 bxc6 26. Qxc7 Rxc7 27. b3 exf4
28. Rxf4 Rb4 29. Rf1 Re7 30. Rfd1 Re5 31. Ra1 Kf7 32. Kf2 Ke7 33. Ke3 f5 34.
Rd4 f4+ 35. Kd3 Rxd4+ 36. Kxd4 Rg5 37. e5 Rxg2 38. exd6+ Nxd6 39. Re1+ Kd7 40.
Na4 Nb5+ 41. Ke4 g5 42. h4 h6 43. hxg5 hxg5 44. Nc5+ Kd6 45. Nxa6 Rxc2 46. Nb4
Rc3 47. Rd1+ Ke6 48. Nd3 Nd6+ 49. Kd4 Nb5+ 50. Ke4 Rc2 51. Nb4 Re2+ 52. Kf3
Re3+ 53. Kf2 g4 54. Nxc6 g3+ 55. Kg2 Re2+ 56. Kg1 f3 57. a6 Rg2+ 58. Kf1 Rh2
0-1

[Event "Europa ch 2012 femenino"]
[Site "Gaziantep TUR"]
[Date "2012.03.04"]
[Round "3.22"]
[White "Khotenashvili, Bela"]
[Black "Drljevic, Ljilja"]
[Result "1-0"]
[PlyCount "75"]
[EventDate "2012.03.02"]
[EventType "swiss"]
[EventRounds "11"]
[EventCountry "TUR"]
[Source "lmi"]
[SourceDate "2012.03.02"]
[WhiteElo "2490"]
[BlackElo "2278"]

1. d4 d6 2. g3 g6 3. Bg2 Bg7 4. Nf3 Nf6 5. c4 O-O 6. Nc3 Nbd7 7. O-O e5 8. e4
a6 9. Qc2 exd4 10. Nxd4 Ng4 11. Rd1 Nge5 12. b3 c5 13. Nde2 b5 14. cxb5 axb5
15. Nxb5 Ba6 16. Nbc3 Nc6 17. Bb2 Nd4 18. Nxd4 cxd4 19. Nd5 d3 20. Qd2 Ne5 21.
f4 Bh6 22. Qf2 Rc8 23. Rac1 Rxc1 24. Rxc1 Bb7 25. Rd1 Nd7 26. Qd4 f6 27. Qxd3
Qa5 28. a4 Qc5+ 29. Bd4 Qa5 30. b4 Qa8 31. a5 f5 32. Qb3 Rf7 33. exf5 gxf5 34.
Re1 Bg7 35. Bxg7 Kxg7 36. Qb2+ Kg6 37. Re6+ Nf6 38. Rxf6+ 1-0

[Event "Europa ch 2012 femenino"]
[Site "Gaziantep TUR"]
[Date "2012.03.04"]
[Round "3.23"]
[White "Dzagnidze, Nana"]
[Black "Bulmaga, Irina"]
[Result "1-0"]
[PlyCount "107"]
[EventDate "2012.03.02"]
[EventType "swiss"]
[EventRounds "11"]
[EventCountry "TUR"]
[Source "lmi"]
[SourceDate "2012.03.02"]
[WhiteElo "2559"]
[BlackElo "2307"]

1. c4 c5 2. g3 Nc6 3. Bg2 e5 4. Nc3 g6 5. Nf3 Bg7 6. O-O Nge7 7. d3 d6 8. a3 a5
9. Nd2 O-O 10. Ndb1 Rb8 11. Nb5 Nd4 12. N1c3 Nxb5 13. Nxb5 Be6 14. b4 cxb4 15.
axb4 axb4 16. Bd2 Nc6 17. Rb1 d5 18. cxd5 Bxd5 19. Bxb4 Nxb4 20. Rxb4 Qe7 21.
Qd2 Rfd8 22. Rfb1 Bxg2 23. Kxg2 Rd7 24. Qa2 Rc8 25. Qb3 h6 26. Nc3 Qe6 27. Qxe6
fxe6 28. Ne4 Rcc7 29. Rb6 Re7 30. Nd6 Rc2 31. Kf1 Bf8 32. Nxb7 e4 33. dxe4 Rd7
34. R1b2 Rxb2 35. Rxb2 Rd4 36. f3 Rd1+ 37. Kg2 Bg7 38. Rc2 Rd7 39. Rc8+ Kf7 40.
Nc5 Ra7 41. Rc6 Re7 42. Nd3 Bd4 43. e5 g5 44. f4 Ra7 45. Rd6 Be3 46. Kf3 gxf4
47. gxf4 Bg1 48. h3 Ra4 49. e4 Rd4 50. Rxd4 Bxd4 51. Kg4 Be3 52. Kh5 Kg7 53. f5
Kf7 54. Nb4 1-0

[Event "Europa ch 2012 femenino"]
[Site "Gaziantep TUR"]
[Date "2012.03.04"]
[Round "3.24"]
[White "Kosintseva, Nadezhda"]
[Black "Videnova, Iva"]
[Result "0-1"]
[PlyCount "76"]
[EventDate "2012.03.02"]
[EventType "swiss"]
[EventRounds "11"]
[EventCountry "TUR"]
[Source "lmi"]
[SourceDate "2012.03.02"]
[WhiteElo "2535"]
[BlackElo "2301"]

1. e4 c5 2. Nf3 d6 3. d4 cxd4 4. Nxd4 Nf6 5. Nc3 g6 6. Be3 Bg7 7. f3 Nc6 8. Qd2
O-O 9. Bc4 Bd7 10. h4 Ne5 11. Bb3 h5 12. O-O-O Rc8 13. Bg5 Rc5 14. Kb1 Re8 15.
Rhe1 Qc8 16. Bh6 Bh8 17. Be3 b5 18. Nd5 Nxd5 19. Bxd5 Nc4 20. Bxc4 bxc4 21. c3
Qb7 22. Re2 Ra5 23. Nc2 Ba4 24. Rde1 Bxc2+ 25. Qxc2 Rb8 26. e5 Qa6 27. e6 f5
28. Kc1 Rxa2 29. Kd1 Rbxb2 30. Qxb2 Rxb2 31. Rxb2 Qa1+ 32. Bc1 Bxc3 33. Rb8+
Kg7 34. Re2 Bf6 35. Rb7 d5 36. Rc2 Qa6 37. Rc7 Qb6 38. Bf4 Qg1+ 0-1

[Event "Europa ch 2012 femenino"]
[Site "Gaziantep TUR"]
[Date "2012.03.04"]
[Round "3.25"]
[White "Romanko, Marina"]
[Black "Chelushkina, Irina"]
[Result "1-0"]
[PlyCount "107"]
[EventDate "2012.03.02"]
[EventType "swiss"]
[EventRounds "11"]
[EventCountry "TUR"]
[Source "lmi"]
[SourceDate "2012.03.02"]
[WhiteElo "2417"]
[BlackElo "2263"]

1. d4 Nf6 2. c4 g6 3. Nf3 Bg7 4. g3 c5 5. d5 O-O 6. Bg2 d6 7. O-O e6 8. Nc3
exd5 9. cxd5 Na6 10. h3 Bd7 11. Nd2 b5 12. Nde4 Ne8 13. a3 h6 14. Bf4 Qb6 15.
g4 f5 16. gxf5 Rxf5 17. Bg3 b4 18. axb4 cxb4 19. Na4 Bxa4 20. Qxa4 Nac7 21.
Rac1 Rd8 22. Rc6 Qb5 23. Qxa7 Nxd5 24. Rxd6 Nxd6 25. Nxd6 Rxd6 26. Bxd6 Nf4 27.
Bxf4 Rxf4 28. e3 Rf8 29. b3 Kh8 30. Qe7 Qa5 31. Be4 Kh7 32. f4 Qb6 33. Kg2 Kh8
34. Kf3 Qb5 35. Rf2 Re8 36. Qb7 Qh5+ 37. Kg2 Qc5 38. Re2 g5 39. f5 Qe5 40. Bd3
h5 41. Qf7 Re7 42. Qxh5+ Kg8 43. Bc4+ Kf8 44. Qxg5 Qe4+ 45. Kf2 Qe5 46. Kg1 Rd7
47. Rg2 Rd1+ 48. Kf2 Rd2+ 49. Kf3 Rd6 50. Ra2 Qe8 51. Ra7 Qc6+ 52. Ke2 Rd7 53.
Rxd7 Qxd7 54. f6 1-0

[Event "Europa ch 2012 femenino"]
[Site "Gaziantep TUR"]
[Date "2012.03.04"]
[Round "3.26"]
[White "Batsiashvili, Nino"]
[Black "Ivakhinova, Inna"]
[Result "1-0"]
[PlyCount "97"]
[EventDate "2012.03.02"]
[EventType "swiss"]
[EventRounds "11"]
[EventCountry "TUR"]
[Source "lmi"]
[SourceDate "2012.03.02"]
[WhiteElo "2438"]
[BlackElo "2285"]

1. d4 Nf6 2. Nf3 e6 3. g3 c5 4. Bg2 Nc6 5. O-O cxd4 6. Nxd4 Bc5 7. Nb3 Be7 8.
c4 d5 9. Nc3 dxc4 10. Qxd8+ Bxd8 11. Nd2 Na5 12. Nb5 O-O 13. Nd6 Bc7 14. N2xc4
Nxc4 15. Nxc4 Rb8 16. Be3 b6 17. Rfc1 Bb7 18. Rc2 Bxg2 19. Kxg2 Rbc8 20. Rac1
Bb8 21. a4 Rfd8 22. b4 Kf8 23. b5 Nd5 24. Bd2 f5 25. f3 h6 26. e4 fxe4 27. fxe4
Nf6 28. Bb4+ Kg8 29. Be7 Re8 30. Bxf6 gxf6 31. Ne3 Rxc2+ 32. Rxc2 Rd8 33. Rc6
Kf7 34. Nc4 Ke7 35. Kf3 h5 36. a5 bxa5 37. Nxa5 Rd3+ 38. Ke2 Ra3 39. Ra6 Ra2+
40. Kd3 Ke8 41. Nc6 Rxa6 42. bxa6 Kd7 43. Nxb8+ Kc7 44. h4 f5 45. exf5 exf5 46.
Kd4 Kxb8 47. Ke5 Kc7 48. Kxf5 Kb6 49. g4 1-0

[Event "Europa ch 2012 femenino"]
[Site "Gaziantep TUR"]
[Date "2012.03.04"]
[Round "3.27"]
[White "Paehtz, Elisabeth"]
[Black "Kazimova, Narmin"]
[Result "1-0"]
[PlyCount "93"]
[EventDate "2012.03.02"]
[EventType "swiss"]
[EventRounds "11"]
[EventCountry "TUR"]
[Source "lmi"]
[SourceDate "2012.03.02"]
[WhiteElo "2459"]
[BlackElo "2253"]

1. e4 c5 2. Nf3 d6 3. d4 cxd4 4. Nxd4 Nf6 5. Nc3 e6 6. f4 a6 7. Qf3 Qb6 8. Nb3
h5 9. Bd3 Nbd7 10. a4 Qc7 11. a5 Be7 12. Be3 Ng4 13. Bd2 Nc5 14. Nxc5 dxc5 15.
Na4 Bd7 16. Nb6 Rd8 17. Nc4 Bb5 18. Bc3 Bh4+ 19. g3 Bf6 20. e5 Be7 21. h3 Bc6
22. Be4 Bxe4 23. Qxe4 Nh6 24. g4 Qd7 25. Nd6+ Bxd6 26. O-O-O Qc6 27. Qxc6+ bxc6
28. exd6 Rg8 29. Rhg1 hxg4 30. hxg4 Kd7 31. Be1 Rb8 32. c4 Rb3 33. Bc3 f6 34.
Kc2 Rb7 35. Rd3 Rh8 36. g5 Nf5 37. gxf6 gxf6 38. Bxf6 Rh2+ 39. Kb1 Rb8 40. Be5
Rh7 41. Ka2 Nd4 42. Rh3 Rf7 43. Rg7 Rxg7 44. Bxg7 e5 45. Bxe5 Nf5 46. Rh7+ Ke6
47. Rc7 1-0